| 000 | 00446nam a2200181Ia 4500 | ||
|---|---|---|---|
| 001 | 24709 | ||
| 005 | 20260414151101.0 | ||
| 008 | 260414t2018||||xx |||||||||||||| ||spa|| | ||
| 041 | _aESP | ||
| 082 |
_a345.726 _bA72A |
||
| 100 |
_aAriano Deho, Eugenia _eAUT |
||
| 245 | 0 |
_aLas casaciones en el código procesal civil _b |
|
| 260 | _c2018 | ||
| 300 |
_a655 páginas : _c25 cm. |
||
| 650 | _aDER | ||
| 654 | _aCDE | ||
| 942 |
_cLIB _dJUS _fJUS _2ddc _n |
||
| 999 |
_c24709 _d24709 |
||